[Event "Prague Holiday M11"]
[Site "Prague"]
[Date "2017.07.19"]
[Round "6"]
[White "Chavannes, Ivar"]
[Black "Stein, Robert"]
[Result "0-1"]
[WhiteElo "2139"]
[BlackElo "2203"]
[PlyCount "170"]
[EventDate "2017.07.16"]
[EventType "tourn"]
[EventRounds "9"]
[EventCountry "CZE"]
[SourceTitle "EXT 2023"]
[Source "ChessBase"]
[SourceDate "2022.10.05"]
[SourceVersion "1"]
[SourceVersionDate "2022.10.05"]
[SourceQuality "1"]

1. d4 Nf6 2. Nf3 e6 3. c4 d5 4. Bg5 Bb4+ 5. Nbd2 h6 6. Bxf6 Qxf6 7. cxd5 exd5 8. Qa4+ Nc6 9. e3 Bd6 10. Qb5 Qe6 11. Be2 0-0 12. 0-0 Ne7 13. Qd3 c6 14. Rfe1 Ng6 15. Nf1 Qf6 16. Ng3 Nh4 17. Nxh4 Qxh4 18. Bd1 Bd7 19. Bc2 g6 20. e4 dxe4 21. Qxe4 Qf6 22. Qe3 Bxg3 23. hxg3 Kg7 24. Qe5 Be6 25. Be4 Rfd8 26. Qxf6+ Kxf6 27. Red1 Rd7 28. Rd3 Rad8 29. Rad1 Bc4 30. R3d2 Bxa2 31. Ra1 Bc4 32. Rxa7 Rxd4 33. Rxd4 Rxd4 34. Bf3 Ba6 35. Bxc6 Rb4 36. Bd5 Rxb2 37. Ra8 Rd2 38. Bb3 Rd3 39. Bc2 Rd7 40. Re8 Bc4 41. Be4 b5 42. Rb8 Rd2 43. f4 Rb2 44. Rb6+ Ke7 45. Rc6 Be6 46. Kf1 Bc4+ 47. Kg1 h5 48. Rc5 Kd6 49. Rc6+ Kd7 50. Rc5 Rd2 51. Bf3 f5 52. Kh2 Rd6 53. Kh3 Rb6 54. Kh4 Bf7 55. Kg5 b4 56. Rc2 b3 57. Rd2+ Ke7 58. Rb2 Kf8 59. Kh6 Bc4 60. Bd1 Ke7 61. Kg7 Kd7 62. Rd2+ Kc7 63. Rd4 Be6 64. Rd3 b2 65. Bc2 b1Q 66. Bxb1 Rxb1 67. Kxg6 Rb2 68. Kxh5 Rxg2 69. Kg5 Bd7 70. Kf6 Kd8 71. Ra3 Rd2 72. Ra8+ Bc8 73. Ra3 Rd5 74. Re3 Bd7 75. Ra3 Rd6+ 76. Kf7 Be8+ 77. Kg7 Bh5 78. Kf8 Bg4 79. Kf7 Kc7 80. Ke7 Rh6 81. Rc3+ Kb6 82. Kf7 Kb5 83. Kg7 Kb4 84. Re3 Rc6 85. Kf7 Rc3 0-1

[Event "Prague Holiday M11"]
[Site "Prague"]
[Date "2017.07.16"]
[Round "2"]
[White "Chavannes, Ivar"]
[Black "Tripolsky, Eugene"]
[Result "1/2-1/2"]
[WhiteElo "2139"]
[BlackElo "2304"]
[PlyCount "35"]
[EventDate "2017.07.16"]
[EventType "tourn"]
[EventRounds "9"]
[EventCountry "CZE"]
[SourceTitle "EXT 2023"]
[Source "ChessBase"]
[SourceDate "2022.10.05"]
[SourceVersion "1"]
[SourceVersionDate "2022.10.05"]
[SourceQuality "1"]

1. d4 Nf6 2. Nf3 c5 3. d5 b5 4. Bg5 Qb6 5. Nc3 b4 6. Na4 Qa5 7. Bxf6 gxf6 8. b3 d6 9. e4 Bg7 10. Nh4 f5 11. Nxf5 Bxf5 12. exf5 Nd7 13. Bd3 Nb6 14. 0-0 Nxa4 15. bxa4 Qxa4 16. Qe2 a6 17. Rae1 Bf6 18. Bc4 1/2-1/2

[Event "NOR-chB"]
[Site "Oslo"]
[Date "2015.07.08"]
[Round "6"]
[White "Chavannes, Ivar"]
[Black "Gandrud, Vegar Koi"]
[Result "1/2-1/2"]
[WhiteElo "2133"]
[BlackElo "2228"]
[PlyCount "63"]
[EventDate "2015.07.04"]
[EventType "swiss"]
[EventRounds "9"]
[EventCountry "NOR"]
[SourceTitle "EXT 2017"]
[Source "ChessBase"]
[SourceDate "2016.10.25"]
[SourceVersion "1"]
[SourceVersionDate "2016.10.25"]
[SourceQuality "1"]

1. d4 Nf6 2. c4 g6 3. Nc3 d5 4. Nf3 Bg7 5. Bf4 0-0 6. e3 c5 7. dxc5 Ne4 8. Be5 Nxc3 9. Bxc3 Bxc3+ 10. bxc3 Qa5 11. Qb3 dxc4 12. Bxc4 Na6 13. Nd4 Nxc5 14. Qb4 Qc7 15. Be2 e5 16. Nb3 Nxb3 17. axb3 Be6 18. Rc1 a5 19. Qa4 Rfd8 20. 0-0 Rd2 21. Bb5 Rad8 22. c4 b6 23. b4 axb4 24. Qxb4 Qc5 25. Qa4 Rb2 26. Rb1 Rdd2 27. Rxb2 Rxb2 28. Rc1 Qd6 29. Rd1 Qc5 30. h3 Kg7 31. Rd8 Qb4 32. Qxb4 1/2-1/2

[Event "NOR-chT 1415"]
[Site "Norway"]
[Date "2015.01.10"]
[Round "5"]
[White "Johansen, Terje"]
[Black "Chavannes, Ivar"]
[Result "1-0"]
[WhiteElo "2233"]
[BlackElo "2163"]
[PlyCount "127"]
[EventDate "2014.10.31"]
[EventType "team-tourn"]
[EventRounds "11"]
[EventCountry "NOR"]
[SourceTitle "EXT 2016"]
[Source "ChessBase"]
[SourceDate "2015.10.08"]
[SourceVersion "1"]
[SourceVersionDate "2015.10.08"]
[SourceQuality "1"]
[WhiteTeam "SOSS"]
[BlackTeam "Nordstrand"]
[WhiteTeamCountry "NOR"]
[BlackTeamCountry "NOR"]

1. d4 Nf6 2. c4 e6 3. Nc3 Bb4 4. Qc2 d5 5. cxd5 exd5 6. Bg5 h6 7. Bxf6 Qxf6 8. a3 Bxc3+ 9. Qxc3 c6 10. Nf3 0-0 11. Ne5 Re8 12. Qf3 Nd7 13. Qxf6 Nxf6 14. e3 Bf5 15. Rc1 Re7 16. b4 Rc8 17. Be2 Ne8 18. g4 Be4 19. Rg1 Nd6 20. Rg3 f6 21. Nf3 Bxf3 22. Rxf3 Re4 23. Rg3 Rce8 24. Kd2 f5 25. gxf5 Nxf5 26. Rg4 Rxg4 27. Bxg4 Nd6 28. Be2 Re4 29. b5 cxb5 30. Bf3 Rh4 31. Bxd5+ Kf8 32. Rc7 Rxh2 33. Ke2 g5 34. Rd7 Nc4 35. Rxb7 Nxa3 36. Rxa7 Nb1 37. Kf3 Nd2+ 38. Ke2 Nb1 39. Kf1 g4 40. Rf7+ Ke8 41. Rg7 Nc3 42. Bc6+ Kf8 43. Rxg4 b4 44. d5 Rh1+ 45. Kg2 Rd1 46. Rxb4 Nxd5 47. Bxd5 Rxd5 48. Rb7 Rg5+ 49. Kf3 Kg8 50. e4 h5 51. Kf4 Ra5 52. f3 Rc5 53. Rd7 Rc1 54. Kg5 Rh1 55. f4 h4 56. e5 h3 57. Kf5 h2 58. Rd2 Kf7 59. Ra2 Ke7 60. Ra7+ Kf8 61. Kf6 Kg8 62. Ra8+ Kh7 63. Ra2 Kg8 64. f5 1-0

[Event "NOR-chT 1415"]
[Site "Norway"]
[Date "2015.01.09"]
[Round "4.4"]
[White "Chavannes, Ivar"]
[Black "Thorstensen, Trond"]
[Result "1/2-1/2"]
[WhiteElo "2163"]
[BlackElo "2213"]
[PlyCount "82"]
[EventDate "2014.10.31"]
[EventType "team-tourn"]
[EventRounds "11"]
[EventCountry "NOR"]
[SourceTitle "EXT 2016"]
[Source "ChessBase"]
[SourceDate "2015.10.08"]
[SourceVersion "1"]
[SourceVersionDate "2015.10.08"]
[SourceQuality "1"]
[WhiteTeam "Nordstrand"]
[BlackTeam "Oslo Akademisk"]
[WhiteTeamCountry "NOR"]
[BlackTeamCountry "NOR"]

1. d4 Nf6 2. c4 e6 3. Nf3 b6 4. Nc3 Bb7 5. Bg5 h6 6. Bh4 Be7 7. e3 0-0 8. Be2 d5 9. 0-0 Nbd7 10. cxd5 Nxd5 11. Bxe7 Qxe7 12. Rc1 c5 13. Qb3 cxd4 14. Nxd4 Nc5 15. Nxd5 Bxd5 16. Qa3 e5 17. Bf3 Bxf3 18. Nxf3 Rfd8 19. Rfd1 Rxd1+ 20. Rxd1 Rd8 21. Rd2 Rxd2 22. Nxd2 Qd7 23. Nf1 Qa4 24. Qc3 Qxa2 25. Qxe5 g6 26. h4 Nd3 27. Qd4 Qb1 28. Qd8+ Kg7 29. Qd4+ Kg8 30. Qd8+ Kh7 31. Qf6 Qxb2 32. Qxf7+ Qg7 33. Qd5 Ne5 34. f4 Ng4 35. h5 Qe7 36. Qd3 Qg7 37. hxg6+ Qxg6 38. Qd7+ Qg7 39. Qd3+ Kh8 40. Qd8+ Kh7 41. Qd3+ Kh8 1/2-1/2

[Event "NOR-ch Master"]
[Site "Trondheim"]
[Date "2014.07.13"]
[Round "2"]
[White "Martinsen, Stig K"]
[Black "Chavannes, Ivar"]
[Result "1-0"]
[WhiteElo "2079"]
[BlackElo "2185"]
[PlyCount "77"]
[EventDate "2014.07.12"]
[EventType "swiss"]
[EventRounds "9"]
[EventCountry "NOR"]
[SourceTitle "EXT 2019"]
[Source "ChessBase"]
[SourceDate "2018.10.10"]
[SourceVersion "1"]
[SourceVersionDate "2018.10.10"]
[SourceQuality "1"]

1. d4 Nf6 2. Nf3 e6 3. Bf4 c5 4. e3 Nc6 5. Nbd2 d5 6. c3 Bd6 7. Bg3 Bxg3 8. hxg3 Qd6 9. Bd3 e5 10. dxe5 Nxe5 11. Nxe5 Qxe5 12. Qa4+ Bd7 13. Bb5 Qe7 14. 0-0-0 a6 15. Bxd7+ Qxd7 16. Qxd7+ Nxd7 17. Rh5 Nf6 18. Re5+ Kf8 19. e4 dxe4 20. Nxe4 Nxe4 21. Rxe4 Re8 22. Rxe8+ Kxe8 23. Rd5 Ke7 24. Rxc5 Kd6 25. Rc4 Re8 26. Kd2 Kd7 27. Rd4+ Kc7 28. Rd3 Re5 29. Re3 Rb5 30. Kc2 Kd7 31. Re4 Ra5 32. a3 f6 33. c4 Rf5 34. Re2 Rh5 35. Kc3 Rh1 36. Kb4 Rh5 37. Kc3 Rh1 38. Kb4 Rh5 39. c5 1-0

[Event "NOR-chB"]
[Site "Sandefjord"]
[Date "2012.07.14"]
[Round "9"]
[White "Breivik, Lars H"]
[Black "Chavannes, Ivar"]
[Result "1/2-1/2"]
[WhiteElo "2146"]
[BlackElo "2130"]
[PlyCount "33"]
[EventDate "2012.07.07"]
[EventType "swiss"]
[EventRounds "9"]
[EventCountry "NOR"]
[SourceTitle "EXT 2024"]
[Source "ChessBase"]
[SourceDate "2023.10.10"]
[SourceVersion "1"]
[SourceVersionDate "2023.10.10"]
[SourceQuality "1"]

1. d4 Nf6 2. Nf3 e6 3. e3 b6 4. Bd3 Bb7 5. 0-0 c5 6. c4 Be7 7. Nc3 0-0 8. d5 d6 9. e4 Na6 10. Bd2 Nc7 11. a4 Qd7 12. Nb5 Nxb5 13. axb5 a6 14. bxa6 Bxa6 15. Bc3 e5 16. Nd2 Bc8 17. Nf3 1/2-1/2

[Event "NOR-chB"]
[Site "Sandefjord"]
[Date "2012.07.11"]
[Round "6"]
[White "Martinsen, Stig K"]
[Black "Chavannes, Ivar"]
[Result "1/2-1/2"]
[WhiteElo "2147"]
[BlackElo "2130"]
[PlyCount "73"]
[EventDate "2012.07.07"]
[EventType "swiss"]
[EventRounds "9"]
[EventCountry "NOR"]
[SourceTitle "EXT 2024"]
[Source "ChessBase"]
[SourceDate "2023.10.10"]
[SourceVersion "1"]
[SourceVersionDate "2023.10.10"]
[SourceQuality "1"]

1. d4 Nf6 2. c4 e6 3. Nc3 Bb4 4. Qc2 c5 5. dxc5 0-0 6. a3 Bxc5 7. Nf3 b6 8. Bf4 Nc6 9. Rd1 Bb7 10. e4 Rc8 11. Be2 Nh5 12. Bc1 a6 13. 0-0 Qc7 14. b4 Be7 15. Be3 Nf6 16. Na4 Ne5 17. Bxb6 Qb8 18. Nxe5 Qxe5 19. f3 d5 20. Bd4 Qc7 21. e5 Nd7 22. c5 Nxe5 23. Qb2 Bf6 24. Nb6 Rcd8 25. Rfe1 Nd7 26. Nxd7 Bxd4+ 27. Qxd4 Qxd7 28. Bd3 Qa4 29. Qh4 h6 30. Ra1 d4 31. Qf2 Rfe8 32. f4 Qb3 33. Qg3 Kf8 34. Reb1 Qd5 35. Re1 Qb3 36. Reb1 Qd5 37. Re1 1/2-1/2

[Event "NOR-chT 0001"]
[Site "Norway"]
[Date "2000.??.??"]
[Round "2"]
[White "Chavannes, Ivar"]
[Black "Semakoff, Aleks"]
[Result "1-0"]
[WhiteElo "2188"]
[BlackElo "2215"]
[PlyCount "69"]
[EventDate "2000.??.??"]
[EventType "team-tourn"]
[EventRounds "5"]
[EventCountry "NOR"]
[SourceTitle "EXT 2002"]
[Source "ChessBase"]
[SourceDate "2001.11.25"]
[SourceVersion "1"]
[SourceVersionDate "2001.11.25"]
[SourceQuality "1"]

1. d4 d5 2. c4 e6 3. Nf3 c5 4. cxd5 exd5 5. g3 Nc6 6. Bg2 Nf6 7. 0-0 Be7 8. dxc5 Bxc5 9. Bg5 0-0 10. Nc3 d4 11. Nb5 Bg4 12. Qc1 Be7 13. Rd1 Qb6 14. Nbxd4 Bxf3 15. Nxf3 Ng4 16. e3 Bxg5 17. Nxg5 Nce5 18. h3 h6 19. Ne4 Rac8 20. Qb1 Nxe3 21. fxe3 Qxe3+ 22. Kh2 Nf3+ 23. Bxf3 Qxf3 24. Qd3 Qh5 25. Nc3 Rfe8 26. Rd2 Re6 27. Nd5 Qg5 28. Rf1 Re5 29. h4 Qg4 30. Nf4 Rce8 31. Qd7 Re2+ 32. Ng2 Rxg2+ 33. Kxg2 Re2+ 34. Rf2 Qe4+ 35. Kh2 1-0

[Event "NOR-chT 9900"]
[Site "Norway"]
[Date "2000.??.??"]
[Round "6"]
[White "Chavannes, Ivar"]
[Black "Trygstad, Kristian J"]
[Result "0-1"]
[WhiteElo "2188"]
[BlackElo "2227"]
[PlyCount "75"]
[EventDate "1999.??.??"]
[EventType "team-tourn"]
[EventRounds "9"]
[EventCountry "NOR"]
[SourceTitle "EXT 2001"]
[Source "ChessBase"]
[SourceDate "2000.11.22"]
[SourceVersion "1"]
[SourceVersionDate "2000.11.22"]
[SourceQuality "1"]

1. d4 g6 2. g3 Bg7 3. Bg2 Nf6 4. c4 0-0 5. Nf3 d6 6. Nc3 Nbd7 7. 0-0 e5 8. h3 exd4 9. Nxd4 Re8 10. b3 a6 11. Bb2 Rb8 12. Qd2 Ne5 13. Rad1 Nh5 14. g4 Nf6 15. f4 Ned7 16. e4 h6 17. Rfe1 Nc5 18. b4 Ne6 19. Nf3 c5 20. f5 cxb4 21. fxe6 bxc3 22. exf7+ Kxf7 23. Qxc3 Qb6+ 24. Kh1 Kg8 25. e5 dxe5 26. c5 Qc7 27. Nxe5 Be6 28. Qc2 Rbd8 29. Qxg6 Bxa2 30. Rxd8 Qxd8 31. Rf1 Rf8 32. g5 hxg5 33. Ng4 Nh5 34. Nh6+ Kh8 35. Rxf8+ Qxf8 36. Qxh5 Bxb2 37. Nf5+ Kg8 38. Qxg5+ 0-1

[Event "NOR-chT 9900"]
[Site "Norway"]
[Date "2000.??.??"]
[Round "9"]
[White "Grotnes, Nils Ragnar"]
[Black "Chavannes, Ivar"]
[Result "0-1"]
[WhiteElo "2265"]
[BlackElo "2188"]
[PlyCount "96"]
[EventDate "1999.??.??"]
[EventType "team-tourn"]
[EventRounds "9"]
[EventCountry "NOR"]
[SourceTitle "EXT 2001"]
[Source "ChessBase"]
[SourceDate "2000.11.22"]
[SourceVersion "1"]
[SourceVersionDate "2000.11.22"]
[SourceQuality "1"]

1. d4 Nf6 2. c4 e6 3. Nc3 Bb4 4. e3 Bxc3+ 5. bxc3 c5 6. Bd3 d6 7. Ne2 Nc6 8. Ng3 e5 9. 0-0 g6 10. h3 Qe7 11. d5 Nb8 12. e4 Nbd7 13. Bc2 Nb6 14. Ba4+ Kd8 15. Qb3 h6 16. Bb5 Kc7 17. a4 a5 18. f4 Nfd7 19. f5 Qh4 20. Rf3 Nf6 21. fxg6 fxg6 22. Qc2 Bd7 23. Qe2 Raf8 24. Bxd7 Nfxd7 25. Kh2 Rf4 26. Bxf4 exf4 27. Nf1 Ne5 28. Nd2 g5 29. g3 Nxf3+ 30. Qxf3 fxg3+ 31. Qxg3 Qxg3+ 32. Kxg3 Rf8 33. e5 dxe5 34. Ne4 Rf4 35. Nxc5 Rxc4 36. Ne6+ Kd6 37. Rb1 Nxd5 38. Nd8 Rxc3+ 39. Kg4 Rc4+ 40. Kf5 Ne7+ 41. Kf6 Rf4+ 42. Kg7 Rb4 43. Nxb7+ Kc7 44. Rxb4 axb4 45. Nc5 Kd6 46. Nd3 b3 47. Kxh6 e4 48. Nb2 e3 0-1

[Event "NOR-chT 0001"]
[Site "Norway"]
[Date "2000.??.??"]
[Round "1"]
[White "Tjomsland, Stig"]
[Black "Chavannes, Ivar"]
[Result "1-0"]
[WhiteElo "2269"]
[BlackElo "2188"]
[PlyCount "73"]
[EventDate "2000.??.??"]
[EventType "team-tourn"]
[EventRounds "5"]
[EventCountry "NOR"]
[SourceTitle "EXT 2002"]
[Source "ChessBase"]
[SourceDate "2001.11.25"]
[SourceVersion "1"]
[SourceVersionDate "2001.11.25"]
[SourceQuality "1"]

1. d4 Nf6 2. c4 e6 3. Nf3 b6 4. g3 Ba6 5. Qc2 c5 6. Bg2 Nc6 7. dxc5 bxc5 8. 0-0 Be7 9. e4 Nb4 10. Qe2 d5 11. exd5 exd5 12. Ne5 Rc8 13. Na3 0-0 14. Nb5 dxc4 15. Qxc4 Nd7 16. Nxd7 Qxd7 17. a4 Bf6 18. Be3 Rfd8 19. Bf3 Nd3 20. Bg4 Qc6 21. Bxc8 Ne5 22. Nxa7 Nf3+ 23. Kh1 Bxc4 24. Nxc6 Rxc8 25. Na7 Ra8 26. Bxc5 Bxb2 27. Rad1 Bxf1 28. Rxf1 Bd4 29. Bxd4 Nxd4 30. Rb1 g6 31. Rb7 Ne6 32. a5 Nc5 33. Rc7 Na6 34. Rc8+ Rxc8 35. Nxc8 Kg7 36. Nd6 Kf6 37. f4 1-0